Countries by Personal Freedom - Statistics

General Stats
  • This quiz has been taken 120 times
    71 since last reset
  • The average score is 16 of 20
Answer Stats
PFI Score Country % Correct
9.17 Denmark
96%
9.17 Norway
96%
9.45 Sweden
96%
9.33 Finland
95%
8.81 Germany
95%
9.29 Iceland
91%
8.95 Canada
89%
9.12 Netherlands
89%
9.35 Switzerland
89%
8.85 Australia
88%
8.92 Belgium
84%
9.30 Ireland
84%
9.09 New Zealand
84%
8.76 Austria
82%
9.28 Estonia
79%
8.80 Japan
79%
9.23 Luxembourg
77%
8.89 Latvia
70%
8.98 Taiwan
63%
8.94 The Bahamas
16%
No matching quizzes found
Score Distribution
Percent of People with Each Score
Percentile by Number Answered
Your Score History
You have not taken this quiz since the last reset